[Event "CECLUB Segunda División"]
[Site "Linares"]
[Date "2017.08.09"]
[Round "3"]
[White "Garraza Obaldia, Esteban"]
[Black "Bellon Lopez, Juan Manuel"]
[Result "0-1"]
[Board "4"]
[WhiteElo "1543"]
[WhiteCountry "ESP"]
[WhiteFideId "24513636"]
[WhiteEloChange "-2"]
[BlackTitle "GM"]
[BlackElo "2319"]
[BlackCountry "ESP"]
[BlackFideId "2200031"]
[BlackEloChange "2"]

1. e4 {[%clk 1:30:57]} c5 {[%clk 1:30:54]} 2. Nf3 {[%clk 1:31:15]} e6 {[%clk
1:31:14]} 3. d4 {[%clk 1:31:36]} cxd4 {[%clk 1:31:39]} 4. Nxd4 {[%clk 1:32:01]}
Nc6 {[%clk 1:32:01]} 5. Nc3 {[%clk 1:31:13]} Qc7 {[%clk 1:32:22]} 6. Be3 {[%clk
1:27:50]} Nf6 {[%clk 1:32:43]} 7. f4 {[%clk 1:21:16]} d6 {[%clk 1:25:04]} 8. Nxc6
{[%clk 1:10:23]} bxc6 {[%clk 1:25:26]} 9. Bd3 {[%clk 1:10:18]} e5 {[%clk
1:21:29]} 10. h3 {[%clk 1:02:54]} Rb8 {[%clk 1:19:03]} 11. fxe5 {[%clk 0:59:50]}
dxe5 {[%clk 1:19:19]} 12. Qc1 {[%clk 0:51:44]} Qa5 {[%clk 1:15:32]} 13. O-O
{[%clk 0:44:41]} Bc5 {[%clk 1:15:54]} 14. Bxc5 {[%clk 0:42:15]} Qxc5+ {[%clk
1:16:18]} 15. Kh1 {[%clk 0:42:40]} O-O {[%clk 1:14:42]} 16. Ne2 {[%clk 0:40:19]}
Nh5 {[%clk 1:03:50]} 17. Qg5 {[%clk 0:37:08]} g6 {[%clk 1:03:55]} 18. b3 {[%clk
0:35:20]} Be6 {[%clk 0:57:59]} 19. Rad1 {[%clk 0:27:46]} Rbd8 {[%clk 0:53:49]}
20. Qh4 {[%clk 0:22:39]} Rd7 {[%clk 0:49:10]} 21. Qf2 {[%clk 0:20:04]} Qxf2
{[%clk 0:46:44]} 22. Rxf2 {[%clk 0:20:32]} a5 {[%clk 0:42:48]} 23. a4 {[%clk
0:19:09]} Rfd8 {[%clk 0:41:44]} 24. Rf3 {[%clk 0:14:34]} f5 {[%clk 0:33:47]} 25.
Rdf1 {[%clk 0:08:57]} f4 {[%clk 0:34:00]} 26. Rd1 {[%clk 0:09:02]} g5 {[%clk
0:33:52]} 27. Ng1 {[%clk 0:03:46]} Kg7 {[%clk 0:28:56]} 28. Rf2 {[%clk 0:02:26]}
Ng3+ {[%clk 0:21:49]} 29. Kh2 {[%clk 0:02:47]} h5 {[%clk 0:20:31]} 30. Nf3 {[%clk
0:02:11]} Kf6 {[%clk 0:20:56]} 31. h4 {[%clk 0:01:33]} g4 {[%clk 0:19:49]} 32.
Nd2 {[%clk 0:01:47]} Rxd3 {[%clk 0:17:59]} 33. cxd3 {[%clk 0:01:58]} Rxd3 {[%clk
0:18:24]} 34. Re1 {[%clk 0:01:52]} c5 {[%clk 0:17:26]} 35. Nf1 {[%clk 0:01:32]}
Nxf1+ {[%clk 0:15:20]} 36. Rfxf1 {[%clk 0:01:51]} Bxb3 {[%clk 0:15:45]} 37. Rc1
{[%clk 0:01:44]} c4 {[%clk 0:16:09]} 38. Rb1 {[%clk 0:01:04]} Ke6 {[%clk
0:16:17]} 39. Rb2 {[%clk 0:00:56]} Kd6 {[%clk 0:16:33]} 40. Rfb1 {[%clk 0:00:54]}
Kc5 {[%clk 0:16:48]} 41. Re2 {[%clk 0:00:36]} Kb4 {[%clk 0:17:05]} 42. Ra1 {[%clk
0:00:38]} c3 {[%clk 0:16:50]} 43. Kg1 {[%clk 0:00:35]} c2 {[%clk 0:16:01]} 44.
Ree1 {[%clk 0:00:37]} Bxa4 {[%clk 0:14:28]} 45. Kf2 {[%clk 0:00:44]} Bb3 {[%clk
0:13:34]} 46. Ke2 {[%clk 0:00:45]} Kc3 {[%clk 0:13:41]} 47. Rxa5 {[%clk 0:00:37]}
Re3+ {[%clk 0:13:55]} 48. Kf2 {[%clk 0:00:47]} g3+ {[%clk 0:14:19]} 49. Kf1
{[%clk 0:00:36]} Bc4+ {[%clk 0:14:42]} 0-1

[Event "CECLUB Segunda División"]
[Site "Linares"]
[Date "2017.08.09"]
[Round "3"]
[White "Suarez Garcia, Carlos"]
[Black "Silva Lucena, Cristian"]
[Result "1-0"]
[Board "1"]
[WhiteTitle "IM"]
[WhiteElo "2462"]
[WhiteCountry "ESP"]
[WhiteFideId "22230858"]
[WhiteEloChange "3"]
[BlackElo "2273"]
[BlackCountry "ESP"]
[BlackFideId "2232588"]
[BlackEloChange "-5"]

1. d4 {[%clk 1:30:47]} Nf6 {[%clk 1:30:54]} 2. c4 {[%clk 1:31:02]} c5 {[%clk
1:31:18]} 3. Nf3 {[%clk 1:31:24]} cxd4 {[%clk 1:31:21]} 4. Nxd4 {[%clk 1:31:47]}
Nc6 {[%clk 1:31:40]} 5. g3 {[%clk 1:31:48]} g6 {[%clk 1:32:04]} 6. Bg2 {[%clk
1:32:10]} Bg7 {[%clk 1:32:30]} 7. Nc3 {[%clk 1:32:28]} O-O {[%clk 1:32:45]} 8.
O-O {[%clk 1:32:52]} Qa5 {[%clk 1:33:02]} 9. e3 {[%clk 1:22:58]} d6 {[%clk
1:31:09]} 10. Nce2 {[%clk 1:12:27]} Bd7 {[%clk 1:26:11]} 11. b3 {[%clk 1:12:25]}
Qh5 {[%clk 1:20:37]} 12. Bb2 {[%clk 1:12:01]} Bh3 {[%clk 1:16:07]} 13. f3 {[%clk
1:03:53]} Bxg2 {[%clk 1:12:37]} 14. Kxg2 {[%clk 1:03:28]} Qa5 {[%clk 1:09:52]}
15. e4 {[%clk 1:03:36]} Qb6 {[%clk 1:07:04]} 16. Qd2 {[%clk 0:58:26]} Rac8 {[%clk
1:06:05]} 17. Nb5 {[%clk 0:57:16]} a6 {[%clk 1:04:02]} 18. Nbc3 {[%clk 0:57:38]}
Rfe8 {[%clk 1:03:19]} 19. Rac1 {[%clk 0:56:43]} Qa5 {[%clk 1:01:24]} 20. Rfd1
{[%clk 0:50:37]} b5 {[%clk 1:00:30]} 21. Nd5 {[%clk 0:42:29]} bxc4 {[%clk
0:31:35]} 22. Bxf6 {[%clk 0:40:43]} Bxf6 {[%clk 0:29:47]} 23. Rxc4 {[%clk
0:37:36]} Qb5 {[%clk 0:27:28]} 24. Rdc1 {[%clk 0:35:25]} Kg7 {[%clk 0:21:08]} 25.
Nxf6 {[%clk 0:34:21]} exf6 {[%clk 0:20:05]} 26. Nd4 {[%clk 0:32:32]} Nxd4 {[%clk
0:16:42]} 27. Rxc8 {[%clk 0:32:56]} Rxc8 {[%clk 0:14:44]} 28. Rxc8 {[%clk
0:33:19]} Ne6 {[%clk 0:15:00]} 29. Rc2 {[%clk 0:33:12]} Qb6 {[%clk 0:14:23]} 30.
Qd5 {[%clk 0:31:34]} h5 {[%clk 0:14:03]} 31. Rd2 {[%clk 0:31:30]} h4 {[%clk
0:14:04]} 32. Qxd6 {[%clk 0:29:10]} Qe3 {[%clk 0:10:07]} 33. Qd3 {[%clk 0:29:05]}
Qg5 {[%clk 0:08:25]} 34. Kf2 {[%clk 0:29:26]} Qh6 {[%clk 0:08:03]} 35. Ke1 {[%clk
0:15:35]} hxg3 {[%clk 0:06:53]} 36. hxg3 {[%clk 0:16:03]} Qh3 {[%clk 0:06:38]}
37. Kd1 {[%clk 0:09:31]} Qxg3 {[%clk 0:06:54]} 38. Kc1 {[%clk 0:08:33]} Ng5
{[%clk 0:06:52]} 39. Kb2 {[%clk 0:04:20]} Nxf3 {[%clk 0:06:46]} 40. Re2 {[%clk
0:04:39]} Qe5+ {[%clk 0:06:10]} 41. Qc3 {[%clk 0:05:06]} Qh5 {[%clk 0:06:27]} 42.
Re3 {[%clk 0:04:43]} Ne5 {[%clk 0:06:38]} 43. Rh3 {[%clk 0:05:05]} Qg4 {[%clk
0:06:23]} 44. Qg3 {[%clk 0:03:38]} Qxe4 {[%clk 0:04:01]} 45. Qh4 {[%clk 0:04:06]}
Qg2+ {[%clk 0:03:19]} 46. Ka3 {[%clk 0:04:35]} Kf8 {[%clk 0:03:28]} 47. Rc3
{[%clk 0:04:30]} Qf1 {[%clk 0:01:09]} 48. Rc8+ {[%clk 0:02:32]} Ke7 {[%clk
0:01:38]} 49. Qb4+ {[%clk 0:01:04]} Ke6 {[%clk 0:01:20]} 50. Qd4 {[%clk 0:00:53]}
Kf5 {[%clk 0:00:58]} 51. Rc2 {[%clk 0:01:10]} Qb5 {[%clk 0:00:50]} 52. Qd6 {[%clk
0:01:39]} Qa5+ {[%clk 0:00:43]} 53. Kb2 {[%clk 0:02:06]} Qe1 {[%clk 0:01:04]} 54.
Qxa6 {[%clk 0:02:22]} g5 {[%clk 0:00:55]} 55. Qe2 {[%clk 0:02:32]} Qb4 {[%clk
0:00:53]} 56. Qe3 {[%clk 0:02:37]} Kg6 {[%clk 0:01:04]} 57. a3 {[%clk 0:02:55]}
Qb5 {[%clk 0:01:04]} 58. Qe4+ {[%clk 0:02:56]} f5 {[%clk 0:01:03]} 59. Qd4 {[%clk
0:03:20]} g4 {[%clk 0:01:03]} 60. a4 {[%clk 0:03:21]} Qa5 {[%clk 0:00:34]} 61. b4
{[%clk 0:02:58]} Qxa4 {[%clk 0:00:36]} 62. Qxe5 {[%clk 0:03:20]} Qxb4+ {[%clk
0:01:05]} 63. Kc1 {[%clk 0:03:37]} Qa3+ {[%clk 0:00:58]} 64. Kd2 {[%clk 0:04:01]}
Qb4+ {[%clk 0:01:09]} 65. Ke2 {[%clk 0:04:13]} f6 {[%clk 0:01:10]} 66. Rc6 {[%clk
0:03:21]} Qf8 {[%clk 0:00:32]} 67. Qd5 {[%clk 0:02:02]} Qh8 {[%clk 0:00:41]} 68.
Qe5 {[%clk 0:01:18]} Kg5 {[%clk 0:00:34]} 69. Qe3+ {[%clk 0:01:40]} Kg6 {[%clk
0:00:47]} 70. Rc5 {[%clk 0:01:28]} Qa8 {[%clk 0:00:44]} 71. Kf2 {[%clk 0:01:12]}
Qb8 {[%clk 0:00:40]} 72. Kg1 {[%clk 0:01:27]} Qb1+ {[%clk 0:00:55]} 73. Rc1
{[%clk 0:01:34]} Qb8 {[%clk 0:01:13]} 74. Re1 {[%clk 0:01:50]} Qb4 {[%clk
0:00:44]} 75. Qe8+ {[%clk 0:02:08]} Kg5 {[%clk 0:01:07]} 76. Qg8+ {[%clk
0:02:28]} Kf4 {[%clk 0:00:50]} 77. Rf1+ {[%clk 0:02:28]} Kg3 {[%clk 0:00:53]} 78.
Qa2 {[%clk 0:01:10]} Kh4 {[%clk 0:00:35]} 79. Qf2+ {[%clk 0:01:34]} g3 {[%clk
0:00:35]} 80. Qf4+ {[%clk 0:01:49]} Qxf4 {[%clk 0:00:48]} 81. Rxf4+ {[%clk
0:02:16]} Kg5 {[%clk 0:01:11]} 82. Ra4 {[%clk 0:02:42]} f4 {[%clk 0:01:30]} 83.
Kg2 {[%clk 0:03:09]} Kg4 {[%clk 0:01:41]} 84. Rb4 {[%clk 0:03:33]} 1-0

[Event "CECLUB Segunda División"]
[Site "Linares"]
[Date "2017.08.09"]
[Round "3"]
[White "Chacon Perez, Juan"]
[Black "Aguera Naredo, Javier"]
[Result "1/2-1/2"]
[Board "2"]
[WhiteElo "2070"]
[WhiteCountry "ESP"]
[WhiteFideId "32047843"]
[WhiteEloChange "7"]
[BlackTitle "FM"]
[BlackElo "2386"]
[BlackCountry "ESP"]
[BlackFideId "2204169"]
[BlackEloChange "-7"]

1. e4 {[%clk 1:30:55]} e5 {[%clk 1:30:50]} 2. Nf3 {[%clk 1:31:15]} Nc6 {[%clk
1:31:11]} 3. Bb5 {[%clk 1:31:33]} a6 {[%clk 1:31:27]} 4. Ba4 {[%clk 1:31:55]} Nf6
{[%clk 1:31:09]} 5. d3 {[%clk 1:25:56]} d6 {[%clk 1:31:09]} 6. c3 {[%clk
1:24:31]} g6 {[%clk 1:31:29]} 7. O-O {[%clk 1:24:13]} Bg7 {[%clk 1:31:49]} 8. Re1
{[%clk 1:23:55]} O-O {[%clk 1:31:56]} 9. Nbd2 {[%clk 1:23:09]} b5 {[%clk
1:28:29]} 10. Bc2 {[%clk 1:23:33]} Nb8 {[%clk 1:27:49]} 11. d4 {[%clk 1:23:24]}
Nbd7 {[%clk 1:27:54]} 12. a4 {[%clk 1:21:41]} Bb7 {[%clk 1:27:53]} 13. Nf1 {[%clk
1:19:47]} Re8 {[%clk 1:26:58]} 14. Ng3 {[%clk 1:06:15]} d5 {[%clk 1:19:53]} 15.
exd5 {[%clk 0:34:46]} Nxd5 {[%clk 1:17:15]} 16. dxe5 {[%clk 0:33:31]} Nxe5 {[%clk
1:17:07]} 17. Nxe5 {[%clk 0:33:51]} Bxe5 {[%clk 1:16:24]} 18. axb5 {[%clk
0:34:12]} axb5 {[%clk 1:16:19]} 19. Rxa8 {[%clk 0:34:30]} Qxa8 {[%clk 1:16:07]}
20. f3 {[%clk 0:34:47]} c5 {[%clk 1:04:52]} 21. Ne4 {[%clk 0:31:57]} c4 {[%clk
1:04:09]} 22. Bh6 {[%clk 0:30:30]} f5 {[%clk 1:01:41]} 23. Nf2 {[%clk 0:16:13]}
Bf4 {[%clk 0:55:31]} 24. Bxf4 {[%clk 0:14:41]} Nxf4 {[%clk 0:55:54]} 25. Qd2
{[%clk 0:12:34]} Bc6 {[%clk 0:52:59]} 26. h4 {[%clk 0:09:36]} Nd5 {[%clk
0:48:24]} 27. h5 {[%clk 0:09:55]} Rxe1+ {[%clk 0:48:23]} 28. Qxe1 {[%clk
0:10:19]} Qe8 {[%clk 0:48:46]} 29. Qxe8+ {[%clk 0:08:46]} Bxe8 {[%clk 0:49:09]}
30. hxg6 {[%clk 0:09:09]} hxg6 {[%clk 0:49:35]} 31. Nd1 {[%clk 0:09:20]} Kg7
{[%clk 0:47:54]} 32. Kf2 {[%clk 0:09:43]} f4 {[%clk 0:48:12]} 33. g3 {[%clk
0:09:02]} g5 {[%clk 0:48:17]} 34. gxf4 {[%clk 0:09:09]} gxf4 {[%clk 0:48:43]} 35.
Be4 {[%clk 0:07:45]} Nb6 {[%clk 0:48:50]} 36. Ke2 {[%clk 0:07:12]} Kf6 {[%clk
0:48:10]} 37. Kd2 {[%clk 0:07:19]} Na4 {[%clk 0:48:23]} 38. Kc1 {[%clk 0:06:53]}
Nc5 {[%clk 0:40:51]} 39. Nf2 {[%clk 0:06:55]} Bd7 {[%clk 0:40:45]} 40. Kd2 {[%clk
0:07:12]} Ke5 {[%clk 0:38:30]} 41. Ba8 {[%clk 0:06:40]} Na4 {[%clk 0:34:21]} 42.
Kc1 {[%clk 0:07:01]} Nb6 {[%clk 0:34:21]} 43. Be4 {[%clk 0:07:11]} Nc8 {[%clk
0:34:40]} 44. Kd2 {[%clk 0:07:19]} Nd6 {[%clk 0:33:47]} 45. Ke2 {[%clk 0:07:04]}
Nf7 {[%clk 0:32:32]} 46. Bb7 {[%clk 0:07:01]} Kd6 {[%clk 0:30:18]} 47. Ba8 {[%clk
0:06:57]} Ne5 {[%clk 0:29:26]} 48. Ne4+ {[%clk 0:06:38]} Kc7 {[%clk 0:29:45]} 49.
Nf2 {[%clk 0:06:59]} Kb6 {[%clk 0:29:41]} 50. Be4 {[%clk 0:06:04]} Be6 {[%clk
0:27:33]} 51. Kd2 {[%clk 0:06:07]} Kc5 {[%clk 0:26:32]} 52. Ba8 {[%clk 0:05:29]}
Bf5 {[%clk 0:26:23]} 53. Bb7 {[%clk 0:05:23]} Kb6 {[%clk 0:25:14]} 54. Ba8 {[%clk
0:04:51]} Ka5 {[%clk 0:25:07]} 55. Bb7 {[%clk 0:04:13]} Ka4 {[%clk 0:24:18]} 56.
Kc1 {[%clk 0:02:06]} Kb3 {[%clk 0:24:02]} 57. Ba8 {[%clk 0:02:25]} Bg6 {[%clk
0:21:40]} 58. Bb7 {[%clk 0:00:38]} Bh5 {[%clk 0:21:45]} 59. Be4 {[%clk 0:00:52]}
Bxf3 {[%clk 0:17:53]} 60. Bxf3 {[%clk 0:01:03]} Nxf3 {[%clk 0:18:15]} 61. Nh3
{[%clk 0:01:30]} Ne5 {[%clk 0:18:12]} 62. Nxf4 {[%clk 0:01:55]} Nd7 {[%clk
0:18:29]} 63. Ne6 {[%clk 0:01:44]} b4 {[%clk 0:18:04]} 1/2-1/2

[Event "CECLUB Segunda División"]
[Site "Linares"]
[Date "2017.08.09"]
[Round "3"]
[White "Alvarez Fernandez, Enrique"]
[Black "Garcia Jimenez, Santiago"]
[Result "1-0"]
[Board "3"]
[WhiteTitle "FM"]
[WhiteElo "2310"]
[WhiteCountry "ESP"]
[WhiteFideId "2227398"]
[WhiteEloChange "4"]
[BlackElo "2056"]
[BlackCountry "ESP"]
[BlackFideId "24543241"]
[BlackEloChange "-4"]

1. d4 {[%clk 1:30:30]} e6 {[%clk 1:30:30]} 2. Nf3 {[%clk 1:30:30]} Nf6 {[%clk
1:30:30]} 3. Bf4 {[%clk 1:30:30]} c5 {[%clk 1:30:30]} 4. e3 {[%clk 1:30:30]} Nc6
{[%clk 1:30:30]} 5. c3 {[%clk 1:30:30]} d5 {[%clk 1:30:30]} 6. Nbd2 {[%clk
1:30:30]} Bd6 {[%clk 1:30:30]} 7. Bg3 {[%clk 1:30:30]} O-O {[%clk 1:30:30]} 8.
Bb5 {[%clk 1:30:30]} Be7 {[%clk 1:30:30]} 9. Bd3 {[%clk 1:30:30]} b6 {[%clk
1:30:30]} 10. Ne5 {[%clk 1:30:30]} Bb7 {[%clk 1:30:30]} 11. O-O {[%clk 1:30:30]}
Nd7 {[%clk 1:30:30]} 12. f4 {[%clk 1:30:30]} f5 {[%clk 1:30:30]} 13. Nxd7 {[%clk
1:30:30]} Qxd7 {[%clk 1:30:30]} 14. Nf3 {[%clk 1:30:30]} a5 {[%clk 1:30:30]} 15.
Bh4 {[%clk 1:30:30]} Bf6 {[%clk 0:47:15]} 16. Kh1 {[%clk 1:11:45]} Ba6 {[%clk
0:45:44]} 17. Bxa6 {[%clk 1:10:24]} Rxa6 {[%clk 0:46:11]} 18. a4 {[%clk 1:10:17]}
Kh8 {[%clk 0:43:10]} 19. Rg1 {[%clk 1:09:06]} Ne7 {[%clk 0:36:28]} 20. h3 {[%clk
1:07:30]} Ng8 {[%clk 0:27:52]} 21. Ne5 {[%clk 0:56:38]} Bxe5 {[%clk 0:26:08]} 22.
dxe5 {[%clk 0:56:09]} b5 {[%clk 0:24:47]} 23. g4 {[%clk 0:49:49]} Rb6 {[%clk
0:21:49]} 24. Rg2 {[%clk 0:44:03]} fxg4 {[%clk 0:19:46]} 25. hxg4 {[%clk
0:43:19]} Rfb8 {[%clk 0:19:53]} 26. axb5 {[%clk 0:41:39]} Rxb5 {[%clk 0:20:12]}
27. Ra2 {[%clk 0:38:30]} d4 {[%clk 0:11:57]} 28. Qd3 {[%clk 0:36:45]} Qc6 {[%clk
0:09:23]} 29. Kh2 {[%clk 0:34:22]} Qf3 {[%clk 0:07:36]} 30. Qe2 {[%clk 0:34:11]}
Qxe2 {[%clk 0:07:07]} 31. Rxe2 {[%clk 0:34:38]} d3 {[%clk 0:07:31]} 32. Rd2
{[%clk 0:34:50]} c4 {[%clk 0:07:48]} 33. Kg3 {[%clk 0:30:58]} h6 {[%clk 0:04:13]}
34. Kf3 {[%clk 0:30:28]} Kh7 {[%clk 0:03:11]} 35. Ke4 {[%clk 0:28:02]} g6 {[%clk
0:01:26]} 36. Kd4 {[%clk 0:26:39]} Rc8 {[%clk 0:01:29]} 37. Ke4 {[%clk 0:20:20]}
g5 {[%clk 0:00:44]} 38. fxg5 {[%clk 0:19:55]} Ne7 {[%clk 0:01:00]} 39. gxh6
{[%clk 0:19:04]} Ng6 {[%clk 0:00:40]} 40. Bf6 {[%clk 0:15:12]} Rd5 {[%clk
0:00:52]} 41. Ra3 {[%clk 0:13:40]} Rb8 {[%clk 0:00:52]} 42. Ra4 {[%clk 0:13:20]}
Rc8 {[%clk 0:00:54]} 43. Bg7 {[%clk 0:11:32]} Rc7 {[%clk 0:01:07]} 44. Ra1 {[%clk
0:07:51]} Rcc5 {[%clk 0:00:43]} 45. Rh1 {[%clk 0:06:05]} Nxe5 {[%clk 0:00:40]}
46. Bxe5 {[%clk 0:06:08]} Rxe5+ {[%clk 0:01:07]} 47. Kf4 {[%clk 0:06:18]} Rb5
{[%clk 0:01:02]} 48. e4 {[%clk 0:06:00]} Rg5 {[%clk 0:01:05]} 49. Rh4 {[%clk
0:04:58]} Rg6 {[%clk 0:01:02]} 50. Rdh2 {[%clk 0:02:45]} Rbg5 {[%clk 0:00:58]}
51. e5 {[%clk 0:02:16]} Rg8 {[%clk 0:01:05]} 52. Rg2 {[%clk 0:02:16]} R8g6 {[%clk
0:00:57]} 53. Ke4 {[%clk 0:01:48]} Rxh6 {[%clk 0:01:00]} 54. Rxh6+ {[%clk
0:02:00]} Kxh6 {[%clk 0:01:27]} 55. Kd4 {[%clk 0:02:05]} d2 {[%clk 0:01:25]} 56.
Rxd2 {[%clk 0:02:19]} Rxg4+ {[%clk 0:01:51]} 57. Kc5 {[%clk 0:02:32]} Kg6 {[%clk
0:01:42]} 58. Kd6 {[%clk 0:02:26]} Kf5 {[%clk 0:01:04]} 59. Rf2+ {[%clk 0:02:47]}
Ke4 {[%clk 0:01:18]} 60. Kxe6 {[%clk 0:02:15]} Ke3 {[%clk 0:00:45]} 61. Rh2
{[%clk 0:02:15]} Ke4 {[%clk 0:00:39]} 62. Kd6 {[%clk 0:02:21]} Rg5 {[%clk
0:00:33]} 63. e6 {[%clk 0:02:13]} Rd5+ {[%clk 0:00:52]} 64. Kc6 {[%clk 0:02:19]}
Rg5 {[%clk 0:00:33]} 65. e7 {[%clk 0:02:30]} Rg8 {[%clk 0:00:57]} 1-0

[Event "CECLUB Segunda División"]
[Site "Linares"]
[Date "2017.08.09"]
[Round "3"]
[White "Sobrino Forte, Alvaro"]
[Black "Arias Torio, Sergio"]
[Result "1/2-1/2"]
[Board "4"]
[WhiteElo "1999"]
[WhiteCountry "ESP"]
[WhiteFideId "24549495"]
[WhiteEloChange "3"]
[BlackElo "2109"]
[BlackCountry "ESP"]
[BlackFideId "2226472"]
[BlackEloChange "-3"]

1. e4 {[%clk 1:30:30]} d6 {[%clk 1:30:30]} 2. d4 {[%clk 1:30:30]} Nf6 {[%clk
1:30:30]} 3. Nc3 {[%clk 1:30:30]} e5 {[%clk 1:30:30]} 4. Nf3 {[%clk 1:30:30]}
Nbd7 {[%clk 1:30:30]} 5. g4 {[%clk 1:30:30]} Nxg4 {[%clk 1:30:30]} 6. Rg1 {[%clk
1:30:30]} exd4 {[%clk 1:30:30]} 7. Qxd4 {[%clk 1:30:30]} Qf6 {[%clk 1:30:30]} 8.
Nd5 {[%clk 1:30:30]} Qxf3 {[%clk 1:30:30]} 9. Nxc7+ {[%clk 1:30:30]} Kd8 {[%clk
1:30:30]} 10. Nxa8 {[%clk 1:30:30]} d5 {[%clk 1:30:30]} 11. Be2 {[%clk 1:30:30]}
Qf6 {[%clk 1:30:30]} 12. e5 {[%clk 1:30:30]} Ndxe5 {[%clk 1:30:30]} 13. Qxd5+
{[%clk 1:30:30]} Qd6 {[%clk 1:30:30]} 14. Qxd6+ {[%clk 1:30:30]} Bxd6 {[%clk
1:30:30]} 15. f4 {[%clk 1:30:30]} Bf5 {[%clk 1:30:30]} 16. fxe5 {[%clk 1:30:30]}
Nxe5 {[%clk 1:30:30]} 17. Rxg7 {[%clk 1:30:30]} Bg6 {[%clk 1:30:30]} 18. Bg5+
{[%clk 1:30:30]} Kd7 {[%clk 1:30:30]} 19. O-O-O {[%clk 1:30:30]} Rxa8 {[%clk
1:30:30]} 20. h4 {[%clk 1:30:30]} h5 {[%clk 1:30:30]} 21. Bf4 {[%clk 1:30:30]}
Ke6 {[%clk 1:30:30]} 22. Rg1 {[%clk 1:30:30]} Kf6 {[%clk 1:30:30]} 23. R7xg6+
{[%clk 1:30:30]} fxg6 {[%clk 1:30:30]} 24. Bxe5+ {[%clk 1:30:30]} Bxe5 {[%clk
1:30:30]} 25. Bd3 {[%clk 1:30:30]} Rg8 {[%clk 1:30:30]} 26. Rf1+ {[%clk 1:30:30]}
Ke7 {[%clk 1:30:30]} 27. Rg1 {[%clk 1:30:30]} Kf6 {[%clk 1:30:30]} 28. Rf1+
{[%clk 1:30:30]} Kg7 {[%clk 1:30:30]} 29. Rg1 {[%clk 1:30:30]} Kh6 {[%clk
1:30:30]} 30. b4 {[%clk 1:30:30]} Bc3 {[%clk 1:30:30]} 31. b5 {[%clk 1:30:30]} b6
{[%clk 1:30:30]} 32. Kd1 {[%clk 1:30:30]} Bf6 {[%clk 1:30:30]} 33. Rh1 {[%clk
1:30:30]} Be7 {[%clk 1:30:30]} 34. Rh2 {[%clk 1:30:30]} Rd8 {[%clk 1:30:30]} 35.
Rg2 {[%clk 1:30:30]} Rd6 {[%clk 1:30:30]} 36. Rh2 {[%clk 1:30:30]} Rd4 {[%clk
1:30:30]} 37. Rg2 {[%clk 1:30:30]} Rg4 {[%clk 1:30:30]} 38. Rxg4 {[%clk 1:30:30]}
hxg4 {[%clk 1:30:30]} 39. Ke2 {[%clk 1:30:30]} Bxh4 {[%clk 1:30:30]} 40. Kf1
{[%clk 1:30:30]} Be7 {[%clk 1:30:30]} 41. Kg2 {[%clk 1:30:30]} Bd6 {[%clk
1:30:30]} 42. Bc4 {[%clk 1:30:30]} Kg5 {[%clk 1:30:30]} 43. Bd3 {[%clk 1:30:30]}
Kf6 {[%clk 1:30:30]} 44. Bc4 {[%clk 1:30:30]} Bf4 {[%clk 1:30:30]} 45. Bd3 {[%clk
1:30:30]} g5 {[%clk 1:30:30]} 46. Be2 {[%clk 1:30:30]} Kf5 {[%clk 1:30:30]} 47.
Bd3+ {[%clk 1:30:30]} Ke5 {[%clk 1:30:30]} 48. Bc4 {[%clk 1:30:30]} Kd4 {[%clk
1:30:30]} 49. Bb3 {[%clk 1:30:30]} Kc3 {[%clk 1:30:30]} 50. a4 {[%clk 1:30:30]}
Kb4 {[%clk 1:30:30]} 51. Kg1 {[%clk 1:30:30]} 1/2-1/2

[Event "CECLUB Segunda División"]
[Site "Linares"]
[Date "2017.08.10"]
[Round "4"]
[White "Lopez Martinez, Josep Manuel"]
[Black "Vallejo Pons, Francisco"]
[Result "1/2-1/2"]
[Board "1"]
[WhiteTitle "GM"]
[WhiteElo "2589"]
[WhiteCountry "ESP"]
[WhiteFideId "2212943"]
[WhiteEloChange "2"]
[BlackTitle "GM"]
[BlackElo "2717"]
[BlackCountry "ESP"]
[BlackFideId "2205530"]
[BlackEloChange "-2"]

1. Nf3 {[%clk 1:30:19]} e6 {[%clk 1:27:51]} 2. g3 {[%clk 1:28:13]} b5 {[%clk
1:27:29]} 3. Bg2 {[%clk 1:24:38]} Bb7 {[%clk 1:27:36]} 4. O-O {[%clk 1:19:01]}
Nf6 {[%clk 1:27:04]} 5. d3 {[%clk 1:13:08]} Be7 {[%clk 1:22:40]} 6. e4 {[%clk
1:05:23]} O-O {[%clk 1:22:44]} 7. Qe2 {[%clk 1:02:05]} d6 {[%clk 1:19:54]} 8.
Nbd2 {[%clk 0:52:23]} c5 {[%clk 1:01:42]} 9. b3 {[%clk 0:48:41]} Nc6 {[%clk
0:56:40]} 10. Bb2 {[%clk 0:48:15]} Nd7 {[%clk 0:52:05]} 11. d4 {[%clk 0:35:10]}
cxd4 {[%clk 0:46:43]} 12. Nxd4 {[%clk 0:35:22]} Nxd4 {[%clk 0:44:19]} 13. Bxd4
{[%clk 0:35:36]} a5 {[%clk 0:42:53]} 14. Rfd1 {[%clk 0:34:05]} Ba6 {[%clk
0:36:08]} 15. c4 {[%clk 0:26:45]} bxc4 {[%clk 0:32:59]} 16. Nxc4 {[%clk 0:27:07]}
a4 {[%clk 0:31:00]} 17. Rac1 {[%clk 0:26:57]} axb3 {[%clk 0:26:06]} 18. axb3
{[%clk 0:27:14]} Rb8 {[%clk 0:20:38]} 19. Qa2 {[%clk 0:24:53]} Bxc4 {[%clk
0:16:55]} 20. Rxc4 {[%clk 0:24:37]} Rb5 {[%clk 0:16:33]} 21. Qc2 {[%clk 0:14:33]}
h6 {[%clk 0:10:35]} 22. Bf1 {[%clk 0:14:17]} Qb8 {[%clk 0:09:30]} 23. Rc7 {[%clk
0:07:20]} Rc5 {[%clk 0:05:57]} 24. Rxc5 {[%clk 0:07:25]} Nxc5 {[%clk 0:06:22]}
25. Bxc5 {[%clk 0:05:51]} dxc5 {[%clk 0:06:51]} 26. Rd7 {[%clk 0:06:10]} Bd6
{[%clk 0:04:49]} 27. Qc4 {[%clk 0:04:44]} Rd8 {[%clk 0:04:29]} 28. Rxd8+ {[%clk
0:04:23]} Qxd8 {[%clk 0:04:57]} 29. Qb5 {[%clk 0:04:24]} Qb8 {[%clk 0:04:55]} 30.
Qxb8+ {[%clk 0:04:48]} Bxb8 {[%clk 0:05:22]} 31. Bc4 {[%clk 0:05:08]} Be5 {[%clk
0:05:47]} 32. f3 {[%clk 0:05:31]} Kf8 {[%clk 0:06:13]} 33. Kg2 {[%clk 0:05:26]}
1/2-1/2